[Event "8th Vugar Gashimov Memorial"]
[Site "Baku AZE"]
[Date "2022.12.19"]
[EventDate "2022.12.18"]
[Round "4.1"]
[Result "0-1"]
[White "Aydin Suleymanli"]
[Black "D Gukesh"]
[WhiteElo "2543"]
[BlackElo "2725"]
[PlyCount "84"]

1. d4 Nf6 2. c4 e6 3. Nc3 Bb4 4. e3 O-O 5. Bd3 d5 6. a3 Bxc3+ 7. bxc3 b6 8. cxd5
exd5 9. f3 c5 10. Ra2 Re8 11. Ne2 Ba6 12. g4 Bxd3 13. Qxd3 Nc6 14. O-O Na5 15.
Nf4 Nb3 16. g5 Nd7 17. Rg2 Nf8 18. dxc5 Re5 19. c6 Rc8 20. c4 dxc4 21. Qc3 Rxg5
22. Bb2 Rxc6 23. Rxg5 Qxg5+ 24. Kh1 f6 25. Rg1 Qf5 26. Rg4 Ng6 27. e4 Qa5 28.
Qxa5 Nxa5 29. Nd5 Kf7 30. h4 Ne5 31. Rg3 Nb3 32. h5 Nc5 33. h6 g6 34. Bd4 a5 35.
Kg2 b5 36. Rh3 Ne6 37. Bc3 Nd3 38. Rh1 Nef4+ 39. Nxf4 Nxf4+ 40. Kf2 b4 41. axb4
axb4 42. Bd2 g5 0-1

[Event "8th Vugar Gashimov Memorial"]
[Site "Baku AZE"]
[Date "2022.12.19"]
[EventDate "2022.12.18"]
[Round "5.5"]
[Result "1/2-1/2"]
[White "D Gukesh"]
[Black "Shakhriyar Mamedyarov"]
[WhiteElo "2725"]
[BlackElo "2740"]
[PlyCount "232"]

1. c4 Nf6 2. Nf3 g6 3. Nc3 d5 4. cxd5 Nxd5 5. e4 Nxc3 6. dxc3 Qxd1+ 7. Kxd1 f6
8. Be3 e5 9. Nd2 Be6 10. Bc4 Kf7 11. Kc2 Nd7 12. b4 a5 13. a3 Be7 14. g3 h5 15.
h4 axb4 16. axb4 Bxc4 17. Nxc4 b5 18. Na5 Ra6 19. Nb3 Rha8 20. Ra5 Rxa5 21. bxa5
Ra6 22. Ra1 c5 23. c4 b4 24. Rd1 Ke6 25. Rd5 Rc6 26. f3 f5 27. Kb2 Bd6 28. Bf2
Be7 29. Be3 Bd6 30. Bf2 Bf8 31. a6 Rxa6 32. Bxc5 Bxc5 33. Rxd7 Bf2 34. Rd2 Be3
35. Rd3 f4 36. gxf4 exf4 37. Rd5 Rc6 38. c5 Bf2 39. Kc2 Kf7 40. Kd3 Bxh4 41. Nd4
Rc8 42. e5 Be7 43. c6 h4 44. Ra5 b3 45. Rb5 h3 46. Rxb3 h2 47. Rb1 Bc5 48. Rh1
Bxd4 49. Kxd4 Rxc6 50. Rxh2 Ke6 51. Ra2 Rb6 52. Ra4 Kf5 53. Ra8 Rb4+ 54. Kc5 Rb3
55. Kd4 Rxf3 56. Rf8+ Kg4 57. e6 Re3 58. Kd5 g5 59. Kd6 f3 60. e7 Kg3 61. Rf5 g4
62. Re5 Rxe5 63. Kxe5 f2 64. e8=Q f1=Q 65. Kd6 Qf4+ 66. Kc5 Kf2 67. Qh8 g3 68.
Qb2+ Kg1 69. Kc6 Qe4+ 70. Kc7 Qh7+ 71. Kc8 g2 72. Qc1+ Kh2 73. Qf4+ Kh1 74. Qf3
Qh8+ 75. Kb7 Qh4 76. Qd5 Qh7+ 77. Ka8 Qg6 78. Ka7 Qg4 79. Ka8 Kg1 80. Qc5+ Kf1
81. Qc1+ Kf2 82. Qc5+ Kg3 83. Qe5+ Qf4 84. Qg7+ Kf3 85. Qc3+ Qe3 86. Qf6+ Kg3
87. Qg6+ Kf2 88. Qc2+ Kf3 89. Qf5+ Qf4 90. Qd3+ Kf2 91. Qc2+ Kg3 92. Qg6+ Qg4
93. Qd6+ Kh3 94. Qh6+ Qh4 95. Qe3+ Kh2 96. Qe5+ Kh1 97. Qd5 Qh7 98. Kb8 Qh8+ 99.
Kb7 Qg7+ 100. Ka8 Qg6 101. Kb7 Qg4 102. Ka8 Kg1 103. Qc5+ Kf1 104. Qc1+ Kf2 105.
Qc5+ Kg3 106. Qe5+ Qf4 107. Qg7+ Kf3 108. Qc3+ Ke2 109. Qc2+ Kf1 110. Qd1+ Kf2
111. Qc2+ Kg3 112. Qg6+ Qg4 113. Qd6+ Kh3 114. Qh6+ Qh4 115. Qe3+ Kh2 116. Qe5+
Kh1 1/2-1/2

[Event "8th Vugar Gashimov Memorial"]
[Site "Baku AZE"]
[Date "2022.12.19"]
[EventDate "2022.12.18"]
[Round "6.1"]
[Result "1-0"]
[White "Abdulla Gadimbayli"]
[Black "D Gukesh"]
[WhiteElo "2524"]
[BlackElo "2725"]
[PlyCount "164"]

1. e4 c6 2. d4 d5 3. exd5 cxd5 4. Bd3 Nc6 5. c3 e6 6. Bf4 Bd6 7. Bxd6 Qxd6 8.
Qg4 g6 9. Qe2 Nge7 10. Nf3 f6 11. Na3 a6 12. Rd1 Bd7 13. O-O O-O 14. c4 Rac8 15.
Rfe1 Nb4 16. Bb1 Rfe8 17. Rc1 Nbc6 18. Qd2 Kg7 19. c5 Qb8 20. b4 b6 21. Bd3 b5
22. Qb2 Qf4 23. Nc2 Nf5 24. a4 Na7 25. Ne3 Ne7 26. Qe2 Rb8 27. g3 Qc7 28. a5
Nac6 29. Qb2 Rf8 30. Ng2 Rbe8 31. Re2 Nd8 32. Rce1 Nec6 33. h4 Re7 34. Nf4 Rfe8
35. Qb1 f5 36. Bc2 Nf7 37. Kg2 Qd8 38. Qb2 Bc8 39. Nd3 Rc7 40. Nde5 Qf6 41. Nxc6
Rxc6 42. Qc1 h6 43. Ne5 Rc7 44. Qf4 g5 45. hxg5 hxg5 46. Qf3 Ree7 47. Rh1 Nh6
48. Rh5 Kg8 49. Re1 Rh7 50. Reh1 Rcg7 51. Qe3 Kf8 52. g4 Bd7 53. Qh3 fxg4 54.
Qh2 Rf7 55. Nxd7+ Rxd7 56. Qb8+ Rd8 57. Qg3 Rh8 58. Qe3 Ke7 59. Qxg5 Qxg5 60.
Rxg5 Rdf8 61. Rgh5 Rf6 62. Bd1 Kf7 63. R1h4 Kg7 64. Bc2 Rhf8 65. Rg5+ Kh8 66.
Kg1 Rg8 67. Rgh5 Kg7 68. Kg2 Rgf8 69. Rg5+ Kf7 70. Kg1 Ke7 71. Bg6 Ng8 72. Rh7+
Kd8 73. Bd3 Ne7 74. Rgg7 Re8 75. c6 Rf3 76. Bg6 Nxg6 77. Rd7+ Kc8 78. Rc7+ Kb8
79. Rb7+ Kc8 80. Rhc7+ Kd8 81. Rd7+ Kc8 82. Ra7 1-0

[Event "8th Vugar Gashimov Memorial"]
[Site "Baku AZE"]
[Date "2022.12.20"]
[EventDate "2022.12.18"]
[Round "7.4"]
[Result "1/2-1/2"]
[White "D Gukesh"]
[Black "Hao Wang"]
[WhiteElo "2725"]
[BlackElo "2722"]
[PlyCount "78"]

1. d4 Nf6 2. c4 e6 3. Nf3 d5 4. Nc3 c5 5. cxd5 Nxd5 6. e4 Nxc3 7. bxc3 cxd4 8.
cxd4 Bb4+ 9. Bd2 Bxd2+ 10. Qxd2 O-O 11. h4 Nc6 12. Rc1 Bd7 13. Bd3 Rc8 14. O-O
Qa5 15. Qb2 Qb4 16. Qa1 Qe7 17. Bb1 Na5 18. Qb2 b5 19. Bd3 Nc4 20. Bxc4 bxc4 21.
Ne5 Rb8 22. Qc3 Bb5 23. Nf3 h6 24. Rfd1 Rfd8 25. Qa5 Bc6 26. Re1 Qb7 27. Qe5 Qb4
28. a3 Qxa3 29. Rxc4 Be8 30. d5 exd5 31. exd5 Qd6 32. Qd4 a5 33. Rc5 a4 34. Ra5
Qb4 35. Qxb4 Rxb4 36. Re7 Kf8 37. Rea7 Rb5 38. Rxb5 Bxb5 39. Nd4 Rxd5 1/2-1/2

[Event "8th Vugar Gashimov Memorial"]
[Site "Baku AZE"]
[Date "2022.12.20"]
[EventDate "2022.12.18"]
[Round "8.1"]
[Result "1-0"]
[White "Sam Shankland"]
[Black "D Gukesh"]
[WhiteElo "2710"]
[BlackElo "2725"]
[PlyCount "88"]

1. c4 c5 2. g3 g6 3. Bg2 Bg7 4. Nf3 Nc6 5. Nc3 d6 6. O-O Rb8 7. b3 a6 8. Bb2 b5
9. d3 b4 10. Na4 e5 11. e3 Nge7 12. d4 cxd4 13. exd4 e4 14. Ng5 f5 15. d5 Bxb2
16. Nxb2 Ne5 17. Qd2 h6 18. Ne6 Bxe6 19. dxe6 N7c6 20. Rad1 Ke7 21. f3 exf3 22.
Bxf3 Nxf3+ 23. Rxf3 Ne5 24. Rf2 Qb6 25. Kg2 Rhd8 26. Nd3 Qb7+ 27. Kg1 g5 28. Qe2
Kxe6 29. Re1 Qg7 30. c5 Rb5 31. Qc2 f4 32. gxf4 gxf4+ 33. Rg2 Qf7 34. Qc4+ Ke7
35. cxd6+ Kxd6 36. Nxe5 Qxc4 37. Nxc4+ Kc7 38. Re7+ Rd7 39. Rxd7+ Kxd7 40. Kf2
Rg5 41. Rxg5 hxg5 42. Kf3 Ke6 43. Ke4 Kf6 44. Ne5 1-0

[Event "8th Vugar Gashimov Memorial"]
[Site "Baku AZE"]
[Date "2022.12.20"]
[EventDate "2022.12.18"]
[Round "9.3"]
[Result "1/2-1/2"]
[White "D Gukesh"]
[Black "Nodirbek Abdusattorov"]
[WhiteElo "2725"]
[BlackElo "2713"]
[PlyCount "96"]

1. Nf3 Nf6 2. g3 g6 3. Bg2 Bg7 4. O-O O-O 5. d4 d5 6. c4 c5 7. dxc5 dxc4 8. Na3
c3 9. Nb5 Na6 10. Nxc3 Nxc5 11. Be3 Nce4 12. Nxe4 Nxe4 13. Bd4 Bf5 14. Bxg7 Kxg7
15. Nd4 Nd6 16. Qb3 Be4 17. Bxe4 Nxe4 18. Rfd1 Qd7 19. Qe3 Nd6 20. a4 a6 21. b4
Rac8 22. Nb3 Rc7 23. Nc5 Qf5 24. Rd4 Qf6 25. g4 a5 26. Rad1 axb4 27. Rxb4 Rfc8
28. Rd5 b6 29. Nd3 Nc4 30. Qd4 Qxd4 31. Rxd4 e5 32. Rd5 e4 33. Ne5 e3 34. f3 Na3
35. Rb3 Rc1+ 36. Kg2 Nc4 37. Kg3 Rg1+ 38. Kf4 Rg2 39. Nxc4 Rxc4+ 40. Kxe3 Rxh2
41. Rxb6 Rxa4 42. Rb7 Ra8 43. Rdd7 Rf8 44. g5 h6 45. gxh6+ Rxh6 46. Kf4 Rh4+ 47.
Kg3 Rc4 48. e4 Rcc8 1/2-1/2

[Event "8th Vugar Gashimov Memorial (Blitz)"]
[Site "Baku AZE"]
[Date "2022.12.22"]
[EventDate "2022.12.22"]
[Round "1.5"]
[Result "1-0"]
[White "Richard Rapport"]
[Black "D Gukesh"]
[WhiteElo "2740"]
[BlackElo "2725"]
[PlyCount "100"]

1. e4 c6 2. Nc3 d5 3. Nf3 Bg4 4. Be2 Bxf3 5. Bxf3 e6 6. O-O Nf6 7. e5 Nfd7 8. d4
c5 9. Nxd5 exd5 10. Bxd5 Nc6 11. Qf3 Qe7 12. Bxc6 bxc6 13. Qxc6 Rb8 14. d5 Rb6
15. Qa8+ Nb8 16. c4 Qd7 17. Bf4 Be7 18. e6 fxe6 19. Bxb8 O-O 20. dxe6 Qe8 21.
Qxa7 Rxb8 22. b3 Bd6 23. Rae1 Ra8 24. Qb7 Qe7 25. Qxe7 Bxe7 26. Re2 Rfb8 27. f4
Kf8 28. g4 Bf6 29. Kg2 Ke7 30. g5 Bd4 31. f5 Rb6 32. Kg3 Rba6 33. a4 Rb6 34. Rf3
Rab8 35. Kg4 Rxb3 36. Rxb3 Rxb3 37. Ra2 g6 38. a5 gxf5+ 39. Kxf5 Rf3+ 40. Kg4
Rf8 41. a6 Kxe6 42. a7 Ra8 43. h4 Kd6 44. Ra6+ Kc7 45. Rh6 Kb7 46. Rxh7+ Kb6 47.
h5 Be5 48. h6 Bc7 49. Rxc7 Kxc7 50. h7 1-0

[Event "8th Vugar Gashimov Memorial (Blitz)"]
[Site "Baku AZE"]
[Date "2022.12.22"]
[EventDate "2022.12.22"]
[Round "2.4"]
[Result "1/2-1/2"]
[White "Rauf Mamedov"]
[Black "D Gukesh"]
[WhiteElo "2646"]
[BlackElo "2725"]
[PlyCount "122"]

1. e4 c6 2. Nf3 d5 3. e5 Bg4 4. Be2 e6 5. O-O c5 6. c4 d4 7. Nxd4 Qxd4 8. Bxg4
Qxe5 9. Bf3 Qc7 10. Nc3 Nc6 11. Qa4 Nf6 12. d4 cxd4 13. Nb5 Qd7 14. Bf4 e5 15.
Rfe1 Be7 16. Bxe5 Nxe5 17. Rxe5 O-O 18. Qd1 d3 19. Qb3 a6 20. Nc3 Bd6 21. Ree1
d2 22. Re2 Bf4 23. g3 Bh6 24. Rd1 Rae8 25. Kg2 Rxe2 26. Nxe2 Re8 27. Qc2 g6 28.
c5 Re5 29. b4 Nd5 30. a3 Qe7 31. Rxd2 Bxd2 32. Qxd2 Nf6 33. Nf4 Ne4 34. Qd4 f5
35. Nd5 Qe6 36. Nf4 Qe7 37. h4 Kf7 38. Qd3 Nf6 39. Qc4+ Kg7 40. Qd4 Kf7 41. Qc4+
Kg7 42. Qd4 Re1 43. Nd5 Qe5 44. Qxe5 Rxe5 45. Nxf6 Kxf6 46. Bxb7 Ke7 47. Bxa6
Kd7 48. Bc4 Kc7 49. Bg8 h6 50. Bf7 g5 51. hxg5 hxg5 52. Bg6 Kc6 53. f4 gxf4 54.
gxf4 Re3 55. Bxf5 Rxa3 56. Be4+ Kb5 57. c6 Kxb4 58. f5 Ra7 59. f6 Kc5 60. Bg6
Kxc6 61. f7 1/2-1/2

[Event "8th Vugar Gashimov Memorial (Blitz)"]
[Site "Baku AZE"]
[Date "2022.12.22"]
[EventDate "2022.12.22"]
[Round "3.2"]
[Result "0-1"]
[White "D Gukesh"]
[Black "Vallejo Pons, Francisco"]
[WhiteElo "2725"]
[BlackElo "2716"]
[PlyCount "92"]

1. Nf3 e6 2. g3 b5 3. Bg2 Bb7 4. O-O Nf6 5. d3 d6 6. e4 c5 7. Nh4 Nc6 8. f4 Be7
9. Kh1 a5 10. Nf3 b4 11. Be3 Qc7 12. Nbd2 O-O 13. Qe2 d5 14. e5 Nd7 15. c4 bxc3
16. bxc3 a4 17. a3 Rab8 18. c4 d4 19. Bg1 Na5 20. Ne4 Bxe4 21. Qxe4 Rb2 22. f5
Qc6 23. Qf4 exf5 24. Qxf5 g6 25. Qf4 f5 26. Rf2 Rxf2 27. Bxf2 Qc8 28. Re1 Re8
29. e6 Nf8 30. Ne5 Nxe6 31. Bd5 Kg7 32. Qf3 Ng5 33. Qd1 Nh3 34. Bg1 Bf6 35. Qxa4
Rxe5 36. Rxe5 Bxe5 37. Qxa5 Bd6 38. Qa7+ Kh6 39. a4 Qe8 40. Bg2 Nxg1 41. Kxg1
Qe3+ 42. Kf1 Qxd3+ 43. Ke1 Qe3+ 44. Kf1 d3 45. Qd7 Qe2+ 46. Kg1 d2 0-1

[Event "8th Vugar Gashimov Memorial (Blitz)"]
[Site "Baku AZE"]
[Date "2022.12.22"]
[EventDate "2022.12.22"]
[Round "4.1"]
[Result "1-0"]
[White "Aydin Suleymanli"]
[Black "D Gukesh"]
[WhiteElo "2543"]
[BlackElo "2725"]
[PlyCount "68"]

1. c4 e6 2. Nc3 d5 3. d4 Nf6 4. cxd5 exd5 5. Bg5 Be7 6. e3 O-O 7. Bd3 c6 8. Nge2
Nbd7 9. O-O Re8 10. a4 Nh5 11. Bxe7 Qxe7 12. a5 a6 13. Qc2 Ndf6 14. Na4 g6 15.
Qc5 Qd8 16. Qb4 Ng7 17. Qb6 Qd6 18. Qc5 Qd8 19. Qb6 Qd7 20. Nc5 Qe7 21. Rae1 Nd7
22. Nxd7 Qxd7 23. Nc3 Qe7 24. e4 dxe4 25. Rxe4 Be6 26. d5 cxd5 27. Nxd5 Qg5 28.
Ne3 Rad8 29. Be2 Nf5 30. Nxf5 Bxf5 31. Rxe8+ Rxe8 32. Bf3 Bd3 33. Ra1 Re7 34.
Qd8+ 1-0

[Event "8th Vugar Gashimov Memorial (Blitz)"]
[Site "Baku AZE"]
[Date "2022.12.22"]
[EventDate "2022.12.22"]
[Round "5.5"]
[Result "0-1"]
[White "D Gukesh"]
[Black "Shakhriyar Mamedyarov"]
[WhiteElo "2725"]
[BlackElo "2740"]
[PlyCount "56"]

1. e4 e5 2. Nf3 Nc6 3. Bc4 Nf6 4. d3 d5 5. exd5 Nxd5 6. O-O Nb6 7. Bb5 Bd6 8.
Re1 Qe7 9. Nxe5 Bxe5 10. d4 Bxh2+ 11. Kxh2 Be6 12. Bxc6+ bxc6 13. b3 O-O-O 14.
Kg1 Qh4 15. c4 Qxd4 16. Qxd4 Rxd4 17. Bb2 Rd3 18. Bxg7 Rg8 19. Bh6 Rgd8 20. Na3
a5 21. Nc2 Kb7 22. Ne3 a4 23. Red1 axb3 24. axb3 R8d7 25. Rxd3 Rxd3 26. Rb1 Nd7
27. Nf1 Bf5 28. b4 Rd6 0-1

[Event "8th Vugar Gashimov Memorial (Blitz)"]
[Site "Baku AZE"]
[Date "2022.12.22"]
[EventDate "2022.12.22"]
[Round "6.1"]
[Result "1-0"]
[White "Abdulla Gadimbayli"]
[Black "D Gukesh"]
[WhiteElo "2524"]
[BlackElo "2725"]
[PlyCount "148"]

1. e4 c5 2. Nf3 Nc6 3. Bb5 g6 4. Bxc6 dxc6 5. d3 Bg7 6. h3 Nf6 7. Nc3 Nd7 8. Be3
e5 9. Qd2 h6 10. O-O b6 11. Nh2 Nf8 12. f4 exf4 13. Bxf4 Ne6 14. Be3 Nd4 15.
Rae1 Be6 16. Bf4 Qd7 17. e5 O-O-O 18. Ne4 Nf5 19. Nf3 Kb8 20. b4 cxb4 21. Qxb4
Ka8 22. a4 Bf8 23. Qd2 c5 24. a5 b5 25. Kh1 Qc6 26. Qf2 Be7 27. a6 c4 28. d4 Bd5
29. Nd6 Bxd6 30. exd6 f6 31. Nh2 h5 32. c3 Rhe8 33. Kg1 Qxa6 34. Ra1 Qc6 35.
Rfe1 Nxd6 36. Rxe8 Rxe8 37. Qa2 Nc8 38. Nf1 g5 39. Bh2 Kb7 40. Qf2 Qe6 41. Qa2
Qe2 42. Qa6+ Ka8 43. Ra2 Qe4 44. Qxb5 Bb7 45. Rb2 h4 46. d5 Nb6 47. d6 Qc6 48.
Qa5 Re1 49. Ra2 a6 50. Rb2 Ka7 51. Ra2 Rd1 52. Qb4 Qd5 53. Rb2 Qc6 54. Qa5 g4
55. hxg4 h3 56. gxh3 Qh1+ 57. Kf2 Qxf1+ 58. Kg3 Qf3+ 59. Kh4 Qc6 60. Qf5 Rd5 61.
Qe6 Rb5 62. Rd2 Nd7 63. Bg1+ Ka8 64. Qe8+ Bc8 65. Re2 Kb7 66. Bh2 a5 67. Qd8 a4
68. Ra2 Rb3 69. Rxa4 Rxc3 70. Rb4+ Ka6 71. Rb1 Rb3 72. Ra1+ Kb7 73. Qa5 Qc5 74.
Qa6+ 1-0

[Event "8th Vugar Gashimov Memorial (Blitz)"]
[Site "Baku AZE"]
[Date "2022.12.22"]
[EventDate "2022.12.22"]
[Round "7.5"]
[Result "1/2-1/2"]
[White "D Gukesh"]
[Black "Hao Wang"]
[WhiteElo "2725"]
[BlackElo "2722"]
[PlyCount "82"]

1. d4 Nf6 2. c4 e6 3. Nf3 d5 4. Nc3 c5 5. cxd5 Nxd5 6. e3 Nc6 7. Bd3 Be7 8. O-O
O-O 9. Qe2 b6 10. Nxd5 exd5 11. dxc5 bxc5 12. b3 Nb4 13. Rd1 Nxd3 14. Qxd3 Be6
15. Bb2 Qb6 16. Rac1 Rac8 17. h3 Rfd8 18. Qe2 a5 19. Ne5 Bf6 20. Nd3 Bxb2 21.
Nxb2 c4 22. bxc4 dxc4 23. Na4 Qb4 24. Nc3 Rxd1+ 25. Qxd1 h6 26. Qd4 Qb2 27. Rb1
Qc2 28. Rb5 a4 29. g4 a3 30. Kg2 Qd3 31. Qe5 Kh7 32. Ra5 Rd8 33. Rxa3 Bd5+ 34.
Kg3 Qf1 35. Nxd5 Qg1+ 36. Kf3 Qh1+ 37. Kf4 g5+ 38. Kg3 Rxd5 39. Qf6 Qg1+ 40. Kf3
Qh1+ 41. Kg3 Qg1+ 1/2-1/2

[Event "8th Vugar Gashimov Memorial (Blitz)"]
[Site "Baku AZE"]
[Date "2022.12.22"]
[EventDate "2022.12.22"]
[Round "8.5"]
[Result "0-1"]
[White "Sam Shankland"]
[Black "D Gukesh"]
[WhiteElo "2710"]
[BlackElo "2725"]
[PlyCount "110"]

1. d4 Nf6 2. c4 e6 3. Nf3 d5 4. Nc3 Bb4 5. Qa4+ Nc6 6. Bd2 O-O 7. a3 Bd6 8. e3
dxc4 9. Bxc4 e5 10. dxe5 Nxe5 11. Be2 c6 12. Qc2 Qe7 13. Nd4 Rd8 14. Rd1 g6 15.
O-O c5 16. Nf3 Bf5 17. e4 Bg4 18. Bg5 Bxf3 19. gxf3 Nxf3+ 20. Bxf3 Qe5 21. Rxd6
Qxg5+ 22. Bg2 Rxd6 23. f4 Qh6 24. e5 Ng4 25. h3 Nxe5 26. fxe5 Qe3+ 27. Qf2 Qxf2+
28. Rxf2 Rd7 29. Ne4 Kg7 30. Nxc5 Re7 31. e6 Rc8 32. exf7 b6 33. Ne4 Rc1+ 34.
Kh2 Rxf7 35. Rd2 Re7 36. Nc3 h5 37. Ne2 Rc5 38. Nf4 Rf5 39. Nd5 Rd7 40. Rc2
Rdxd5 41. Bxd5 Rxd5 42. Rc7+ Kf6 43. Rxa7 Rd2+ 44. Kg3 Rxb2 45. Rd7 Rb3+ 46. Kg2
Ke5 47. Rg7 Kf5 48. Rb7 b5 49. Ra7 Kf4 50. Rf7+ Kg5 51. Ra7 Kh4 52. a4 Rb2+ 53.
Kg1 bxa4 54. Rxa4+ Kxh3 55. Ra5 Kh4 0-1

[Event "8th Vugar Gashimov Memorial (Blitz)"]
[Site "Baku AZE"]
[Date "2022.12.22"]
[EventDate "2022.12.22"]
[Round "9.3"]
[Result "0-1"]
[White "D Gukesh"]
[Black "Nodirbek Abdusattorov"]
[WhiteElo "2725"]
[BlackElo "2713"]
[PlyCount "56"]

1. d4 d5 2. Nf3 Nf6 3. c4 e6 4. Nc3 Bb4 5. Qa4+ Nc6 6. a3 Bxc3+ 7. bxc3 Bd7 8.
cxd5 exd5 9. Bg5 h6 10. Bh4 g5 11. Bg3 Ne4 12. e3 h5 13. h3 Nxg3 14. fxg3 Qe7
15. Kd2 Qd6 16. Qb3 O-O-O 17. Nxg5 Qxg3 18. Nf3 Qf2+ 19. Be2 Rhe8 20. Rae1 Na5
21. Qb4 Nc4+ 22. Kc1 Qxe3+ 23. Kb1 a5 24. Qc5 Qxc3 25. Bxc4 dxc4 26. Rc1 Qb3+
27. Ka1 b6 28. Qxc4 Qxa3+ 0-1

[Event "8th Vugar Gashimov Memorial (Blitz)"]
[Site "Baku AZE"]
[Date "2022.12.23"]
[EventDate "2022.12.22"]
[Round "10.5"]
[Result "0-1"]
[White "D Gukesh"]
[Black "Richard Rapport"]
[WhiteElo "2725"]
[BlackElo "2740"]
[PlyCount "82"]

1. d4 Nf6 2. c4 c5 3. d5 g6 4. Nc3 Bg7 5. e4 d6 6. h3 O-O 7. Nf3 e6 8. Be3 exd5
9. exd5 Re8 10. Bd3 Rxe3+ 11. fxe3 Qe7 12. O-O Nbd7 13. Qd2 Nh5 14. Rae1 Ng3 15.
Rf2 Ne5 16. Nxe5 Bxe5 17. Ne2 Qh4 18. Rf4 Nxe2+ 19. Rxe2 Bxf4 20. exf4 Bd7 21.
Kh2 b6 22. f5 Qf6 23. fxg6 hxg6 24. b3 Kg7 25. Qe1 Rh8 26. Qg3 Rh5 27. Rf2 Qe5
28. Re2 Qf6 29. Rf2 Qe7 30. Re2 Re5 31. Rxe5 dxe5 32. Qe3 f5 33. Kg1 e4 34. Be2
Qe5 35. g3 Qd4 36. Kf2 g5 37. Qxd4+ cxd4 38. b4 Ba4 39. c5 d3 40. Bh5 Kh6 41.
Bf3 exf3 0-1

[Event "8th Vugar Gashimov Memorial (Blitz)"]
[Site "Baku AZE"]
[Date "2022.12.23"]
[EventDate "2022.12.22"]
[Round "11.2"]
[Result "1-0"]
[White "D Gukesh"]
[Black "Rauf Mamedov"]
[WhiteElo "2725"]
[BlackElo "2646"]
[PlyCount "128"]

1. d4 Nf6 2. c4 g6 3. Nc3 Bg7 4. e4 d6 5. Nf3 O-O 6. Be2 e5 7. O-O Na6 8. Be3
Qe7 9. dxe5 dxe5 10. Nd5 Qd8 11. Qc2 c6 12. Nxf6+ Bxf6 13. Rfd1 Qe7 14. c5 Nc7
15. b4 Bg4 16. h3 Bxf3 17. Bxf3 a5 18. a3 Nb5 19. Be2 Nd4 20. Bxd4 exd4 21. Bd3
Bg7 22. g3 h5 23. h4 Rfb8 24. Kg2 b6 25. cxb6 Rxb6 26. bxa5 Rxa5 27. a4 Rc5 28.
Qd2 Rc3 29. a5 Rbb3 30. Qe2 Qa7 31. a6 c5 32. e5 Kh7 33. Kh2 Rb4 34. e6 c4 35.
e7 cxd3 36. Qe4 Rc8 37. e8=Q Rxe8 38. Qxe8 Rb2 39. Kg1 d2 40. Qe2 d3 41. Qxd3
Bd4 42. Qf3 Rc2 43. Ra3 Rc1 44. Kg2 Bxf2 45. Qxf2 Qxf2+ 46. Kxf2 Rxd1 47. Ke2
Rb1 48. Kxd2 Rb8 49. a7 Ra8 50. Ke3 Kg7 51. Ke4 Kf6 52. Ra6+ Ke7 53. Ke5 f6+ 54.
Kd5 g5 55. hxg5 fxg5 56. Rh6 Kf7 57. Kc5 Kg7 58. Ra6 h4 59. gxh4 gxh4 60. Kb6 h3
61. Kb7 h2 62. Ra1 Rh8 63. Rh1 Kf6 64. a8=Q 1-0

[Event "8th Vugar Gashimov Memorial (Blitz)"]
[Site "Baku AZE"]
[Date "2022.12.23"]
[EventDate "2022.12.22"]
[Round "12.4"]
[Result "0-1"]
[White "Vallejo Pons, Francisco"]
[Black "D Gukesh"]
[WhiteElo "2716"]
[BlackElo "2725"]
[PlyCount "58"]

1. e4 c6 2. Nc3 d5 3. Nf3 Bg4 4. h3 Bxf3 5. Qxf3 e6 6. a3 Nd7 7. d4 dxe4 8. Nxe4
Ngf6 9. c3 Nxe4 10. Qxe4 Bd6 11. Bd3 Nf6 12. Qf3 Qc7 13. O-O O-O-O 14. b4 e5 15.
Rb1 Rhe8 16. b5 c5 17. dxe5 Bxe5 18. a4 Nd5 19. Bb2 Kb8 20. Bc4 Nb6 21. Qxf7 Re7
22. a5 Rxf7 23. axb6 axb6 24. Ra1 Rf4 25. Ra4 Qd6 26. Bc1 Rxc4 27. Rxc4 Qd3 28.
Rg4 Qxb5 29. Re1 Qe2 0-1

[Event "8th Vugar Gashimov Memorial (Blitz)"]
[Site "Baku AZE"]
[Date "2022.12.23"]
[EventDate "2022.12.22"]
[Round "13.1"]
[Result "1-0"]
[White "D Gukesh"]
[Black "Aydin Suleymanli"]
[WhiteElo "2725"]
[BlackElo "2543"]
[PlyCount "110"]

1. d4 d5 2. Nf3 Nf6 3. c3 a6 4. Bf4 Bf5 5. e3 e6 6. Nbd2 c5 7. h3 h6 8. Qb3 Ra7
9. c4 Nc6 10. Be2 cxd4 11. Nxd4 Nxd4 12. exd4 dxc4 13. Nxc4 b5 14. Nd2 Nd5 15.
Be5 Bb4 16. g4 Be4 17. Rg1 Bxd2+ 18. Kxd2 Qa5+ 19. Kd1 O-O 20. Rc1 Raa8 21. Qa3
Qb6 22. Qc5 Qb7 23. Kd2 f6 24. Bg3 Rfd8 25. Qc6 Qe7 26. Qc5 Qb7 27. Rgd1 Rac8
28. Qa3 Qb6 29. Ke1 Rxc1 30. Rxc1 Qxd4 31. Qxa6 Qxb2 32. Qxe6+ Kh8 33. Rd1 Qb4+
34. Kf1 Rg8 35. Rxd5 Bxd5 36. Qxd5 Re8 37. Bf3 Qb1+ 38. Kg2 b4 39. Bf4 Rc8 40.
Be3 Re8 41. Qb3 Qxb3 42. axb3 Rd8 43. Be2 Rc8 44. Bc4 g5 45. Kf3 Re8 46. Bd2 Rb8
47. Ke4 Kg7 48. Kd4 f5 49. gxf5 Kf6 50. Ke4 h5 51. f3 Re8+ 52. Be6 Rb8 53. Be3
Rb5 54. Bd4+ Ke7 55. Bc4 1-0

[Event "8th Vugar Gashimov Memorial (Blitz)"]
[Site "Baku AZE"]
[Date "2022.12.23"]
[EventDate "2022.12.22"]
[Round "14.1"]
[Result "1-0"]
[White "Shakhriyar Mamedyarov"]
[Black "D Gukesh"]
[WhiteElo "2740"]
[BlackElo "2725"]
[PlyCount "72"]

1. d4 Nf6 2. c4 e6 3. Nc3 Bb4 4. g3 d5 5. Bg2 O-O 6. Nf3 dxc4 7. O-O c5 8. dxc5
Bxc3 9. bxc3 Qa5 10. Qd4 Nc6 11. Qxc4 e5 12. a4 Be6 13. Qb5 Qc7 14. a5 a6 15.
Qb6 Nd5 16. Qxc7 Nxc7 17. Ng5 Bc4 18. Ne4 Bxe2 19. Re1 Bc4 20. Rd1 Bd5 21. c4
Bxe4 22. Bxe4 Nd4 23. Bxb7 Rab8 24. c6 Nce6 25. Ba3 Rfd8 26. Be7 Re8 27. Bd6
Rbd8 28. c5 Nb5 29. Bxe5 Rxd1+ 30. Rxd1 Nxc5 31. Rd5 Ne6 32. Rxb5 axb5 33. c7
Nxc7 34. Bxc7 b4 35. a6 b3 36. Be5 Rxe5 1-0

[Event "8th Vugar Gashimov Memorial (Blitz)"]
[Site "Baku AZE"]
[Date "2022.12.23"]
[EventDate "2022.12.22"]
[Round "15.1"]
[Result "1-0"]
[White "D Gukesh"]
[Black "Abdulla Gadimbayli"]
[WhiteElo "2725"]
[BlackElo "2524"]
[PlyCount "90"]

1. d4 d5 2. c4 e5 3. dxe5 d4 4. Nf3 Nc6 5. g3 Nge7 6. Bg2 Ng6 7. O-O Ngxe5 8.
Nbd2 Be7 9. b3 O-O 10. Bb2 Nxf3+ 11. Nxf3 Bf6 12. Qd2 Qd6 13. Rfd1 Rd8 14. Rac1
a5 15. Ng5 Bf5 16. Bd5 Rd7 17. Ne4 Bxe4 18. Bxe4 Re8 19. Bd5 Rde7 20. Bf3 h6 21.
Qc2 Ne5 22. Bg2 c5 23. e3 Nc6 24. Qf5 Qc7 25. Qxc5 dxe3 26. Bxf6 gxf6 27. fxe3
Rxe3 28. Qf5 Qe7 29. Bd5 Kh8 30. Qf4 Kg7 31. Rf1 Qe5 32. Qg4+ Kf8 33. Kg2 Nd4
34. Qd7 Re7 35. Qc8+ Kg7 36. Qg4+ Kf8 37. Rcd1 Re2+ 38. Kh3 Ne6 39. Bxe6 Rxe6
40. Rd8+ Ke7 41. Rfd1 Qc7 42. Qg8 f5 43. Qf8+ Kf6 44. Qxh6+ Ke7 45. Qg5+ 1-0

[Event "8th Vugar Gashimov Memorial (Blitz)"]
[Site "Baku AZE"]
[Date "2022.12.23"]
[EventDate "2022.12.22"]
[Round "16.1"]
[Result "1-0"]
[White "Hao Wang"]
[Black "D Gukesh"]
[WhiteElo "2722"]
[BlackElo "2725"]
[PlyCount "110"]

1. e4 c5 2. Nf3 Nc6 3. Bb5 g6 4. O-O Bg7 5. c3 Nf6 6. Re1 O-O 7. d4 d5 8. e5 Ne4
9. Bxc6 bxc6 10. Be3 cxd4 11. cxd4 Rb8 12. Qc1 Bf5 13. Nc3 f6 14. exf6 exf6 15.
Nd2 Qd7 16. Nb3 g5 17. f3 Nd6 18. Nc5 Qf7 19. b3 Rbe8 20. Qd2 h5 21. Bf2 h4 22.
h3 Bg6 23. Rxe8 Rxe8 24. Re1 Bf8 25. Rxe8 Nxe8 26. Qe2 Ng7 27. b4 Bd6 28. b5
cxb5 29. Qxb5 Nf5 30. Qc6 Qe7 31. Qxd5+ Kh7 32. N3e4 Bg3 33. Qe6 Bxf2+ 34. Kxf2
Kg7 35. d5 Qd8 36. Qd7+ Qxd7 37. Nxd7 Bf7 38. Ndxf6 Kg6 39. a3 Nd4 40. d6 Nc6
41. d7 Kf5 42. Nh7 Bd5 43. Nhxg5 Ke5 44. Ke3 Kf5 45. Kd3 Bg8 46. Ke3 Bd5 47. Nh7
Bc4 48. Nhf6 Bf1 49. Kf2 Ba6 50. Nd5 Ke5 51. Ne7 Nd8 52. Ng6+ Kd5 53. Nxh4 Kc6
54. Nf5 Bb5 55. Nd4+ Kd5 1-0

[Event "8th Vugar Gashimov Memorial (Blitz)"]
[Site "Baku AZE"]
[Date "2022.12.23"]
[EventDate "2022.12.22"]
[Round "17.5"]
[Result "1-0"]
[White "D Gukesh"]
[Black "Sam Shankland"]
[WhiteElo "2725"]
[BlackElo "2710"]
[PlyCount "66"]

1. d4 d5 2. c4 e6 3. Nf3 Nf6 4. Nc3 c5 5. cxd5 Nxd5 6. e3 cxd4 7. exd4 Nxc3 8.
bxc3 Qc7 9. a4 Nd7 10. a5 Be7 11. Bd2 O-O 12. Bd3 Rb8 13. O-O b6 14. a6 Rd8 15.
Re1 Nf8 16. Ne5 Bd7 17. Qh5 Be8 18. Qg4 Ng6 19. Nxg6 hxg6 20. Re3 Rd5 21. h4 f5
22. Qf3 Bf7 23. g3 g5 24. Rae1 g4 25. Qxd5 exd5 26. Rxe7 Qc6 27. Rxa7 Ra8 28.
Rxa8+ Qxa8 29. Bb5 Kh7 30. Re7 Bg6 31. Bf4 Qd8 32. Rd7 Qe8 33. Rxg7+ 1-0